Historische Stadt zu Land - Statistiken

Allgemein
  • Dieses Quiz wurde 3.205 mal gespielt
  • Das Durchschnittsergebnis liegt bei 11 aus 24
Antwortstatistiken
Stadt Jahr Land % Korrekt
Leipzig 1950 Ostdeutschland
88%
Tallinn 1950 Sowjetunion
84%
Sarajevo 1950 Jugoslawien
82%
Prag 1950 Tschechoslowakei
76%
Jerusalem 1 Römisches Reich
65%
Danzig 1830 Preußen
64%
Reykjavik 1900 Dänemark
57%
Athen 1700 Osmanisches Reich
55%
Macau 1950 Portugal
53%
Manila 1900 Vereinigte Staaten
53%
Kapstadt 1700 Niederländisches Reich
51%
Kapstadt 1820 Britisches Reich
49%
Cusco 1700 Spanisches Reich
49%
Ho-Chi-Minh-Stadt 1950 Französisches Reich
43%
Peking 1300 Mongolisches Reich
37%
Cusco 1400 Inka-Reich
36%
Athen 500 Byzantinisches Reich
30%
Jerusalem 1400 BC Ägypten
27%
Galveston 1830 Mexiko
25%
Athen 300 BC Mazedonien
22%
Galveston 1840 Republik Texas
19%
Jerusalem 100 BC Judäa
14%
Galveston 1863 Konföderierte Staaten von Amerika
9%
Iraklio 1300 Venedig
7%
Keine übereinstimmenden Quizze gefunden
Verteilung der Resultate
Anzahl Personen mit jedem Resultat
Perzentil nach korrekt beantworteten Fragen
Ihre Resultats-Entwicklung
Sie haben dieses Quiz noch nicht gespielt